000 00739nam a22001697a 4500
008 110825s1965 ua||||| |||| 00| 0 ara d
082 _222
_a297.29
_bح و ف
100 1 _926918
_aالحوفى ، أحمد
245 _aتحت راية الإسلام /
_cأحمد الحوفى
260 _aالقاهرة :
_bالمجلس الأعلى للشؤن الإسلامية ،
_c1965.
300 _a250 ص ؛
_c24 سم.
490 0 _915002
_aلجنة التعريف بالإسلام
_n23
650 0 _913667
_aالإسلام
650 0 _914347
_aالإسلام
_xدفع مطاعن
942 _2ddc
_cBB
999 _c15922
_d15922